00486ntaaa2200157 45000030003000000050017000030080021000200400037000410820014000782450030000922500094001223000011002165000060002276500027002876500014003140120251027201327.00714s1973 ag 01  aAR-BaBNbspacAR-BaBNeaacrdRIC a264.0100  aManual de Culto Cristiano a1 ed. : bJunta de Misiones Americanas de la Iglesia Luterana Unida en América, cc1940 a310 p. a(autorizado por la Iglesia Luterana Unida de América) aIglesia Luterana Unida aLuteranos